| 000 | 00805nac a22002531u 4500 | ||
|---|---|---|---|
| 008 | 100914s2004 at a grd 001 0 eng d | ||
| 010 | _a88061224 | ||
| 020 | _a0538435909 | ||
| 020 | _a9780538435901 | ||
| 082 | 0 | 4 |
_a658 _bEVE _222 |
| 100 | 1 |
_aEverard, Kenneth E. _919141 |
|
| 245 | 1 | 0 |
_aBusiness principles and management / _cKenneth E. Everard, Jim L. Burrow. |
| 250 |
_a11th ed., _banniversary ed. |
||
| 260 |
_a[Canberra] : _bThomson South Western, _cc.2004. |
||
| 300 |
_axiii, 722 p. : _bill. (some col.) ; _c24 cm. |
||
| 500 | _aIndex : p. 706-722. | ||
| 500 | _aGlossary : p. 690-705. | ||
| 650 | 0 |
_aBusiness. _919142 |
|
| 650 | 0 |
_aManagement. _919143 |
|
| 653 |
_bBus _cDecember2013 |
||
| 655 |
_vreading book _934232 |
||
| 700 | 1 |
_aBurrow, James L. _919140 |
|
| 942 |
_cBB _2ddc _k658 EVE |
||
| 999 |
_c37 _d37 |
||